Asistente de recursos humanos Universidad Nacional Francisco Morazán / (Registro nro. 5811)

000 -CABECERA
Campo de control de longitud fija 00777nam a22001817a 4500
008 - CAMPO FIJO DE DESCRIPCIÓN FIJA--INFORMACIÓN GENERAL
Campo de control de longitud fija 140618b2006 ho ||||| |||| 00| 0 spa d
090 ## - CAMPOS LOCALES
Número de clasificación (OCLC) ; Número de clasificación,LLAMADA (RLIN) 00026
Signatura local (OCLC) ; Signatura sin dividir, número de libro, CALL (RLIN) AE 2006
100 ## - ENCABEZAMIENTO PRINCIPAL--NOMBRE PERSONAL
Nombre de persona Vallecillo Ponce, Neisy Waldina
9 (RLIN) 78
245 ## - TÍTULO PROPIAMENTE DICHO
Título Asistente de recursos humanos Universidad Nacional Francisco Morazán /
Mención de responsabilidad, etc. Neisy Waldina Vallecillo Ponce
260 ## - PUBLICACIÓN, DISTRIBUCIÓN, ETC (PIE DE IMPRENTA)
Lugar de publicación, distribución, etc. Honduras, San Pedro Sula :
Nombre del editor, distribuidor, etc. Universidad de San Pedro Sula,
Fecha de publicación, distribución, etc. 2006.
300 ## - DESCRIPCIÓN FÍSICA
Extensión 28 p.
500 ## - NOTA GENERAL
Nota general MONOGRAFIA EN BODEGA
502 ## - NOTA DE TESIS
Programa Académico Licenciatura en Administración de Empresas /
Nombre de la institución que otorga el título Universidad de San Pedro Sula.
650 ## - ASIENTO SECUNDARIO DE MATERIA--TÉRMINO DE MATERIA
Nombre de materia o nombre geográfico como elemento de entrada ADMINISTRACIÓN DE EMPRESAS
9 (RLIN) 71
650 ## - ASIENTO SECUNDARIO DE MATERIA--TÉRMINO DE MATERIA
Nombre de materia o nombre geográfico como elemento de entrada ASISTENTE DE RECURSOS HUMANOS
9 (RLIN) 138
650 ## - ASIENTO SECUNDARIO DE MATERIA--TÉRMINO DE MATERIA
Nombre de materia o nombre geográfico como elemento de entrada UNIVERSIDAD NACIONAL FRANCISCO MORAZAN
9 (RLIN) 88
942 ## - ELEMENTOS KOHA
Fuente de clasificación o esquema de ordenación en estanterías
Koha tipo de item Monografía
Parte de Clasificación 00026 AE 2006
Existencias
Fecha adquisición Código de barras Disponibilidad Fecha de Descarte Fuente de clasificación o esquema Signatura completa Asignatura Localización permanente Tipo de Descarte Mostrar en OPAC Fecha última consulta Colección Localización actual Ejemplar Estado Formato de Material
2014-06-2308425NULL2016-06-07 00026 AE 2006USAPBiblioteca Central Desactualizado 2014-06-23HemerotecaBiblioteca Central Ej. 1Sin préstamoPapel

Campus Universitario - Ave. Circunvalación - San Pedro Sula, Honduras, C.A. / Tel: +504 2561.8777 / Fax: +504 2561.8787 / Email: info@usap.edu
Todos los Derechos Reservados. © MMXIII Universidad de San Pedro Sula